[Event "Zudov Memorial"]
[Site "Nizhnij Tagil"]
[Date "2006.06.29"]
[Round "10"]
[White "Lomako, Pavel"]
[Black "Dzhumadullayev, Kuanyshbek"]
[Result "1/2-1/2"]
[WhiteElo "2418"]
[BlackElo "2288"]
[PlyCount "61"]
[EventDate "2006.06.20"]
[EventType "tourn"]
[EventRounds "11"]
[EventCountry "RUS"]
[EventCategory "9"]
[SourceTitle "EXT 2007"]
[Source "ChessBase"]
[SourceDate "2006.11.23"]
[SourceVersion "1"]
[SourceVersionDate "2006.11.23"]
[SourceQuality "1"]

1. d4 Nf6 2. Nf3 e6 3. Bg5 Be7 4. Nbd2 b6 5. e3 Bb7 6. Bd3 0-0 7. 0-0 h6 8. Bh4 d6 9. c3 Nbd7 10. e4 c5 11. Re1 cxd4 12. cxd4 Rc8 13. Rc1 Rxc1 14. Qxc1 Qc8 15. h3 Qxc1 16. Rxc1 Rc8 17. Rxc8+ Bxc8 18. Bb5 Kf8 19. Kf1 Nh5 20. Bxe7+ Kxe7 21. g3 Nhf6 22. Ke2 Bb7 23. Ke3 Nb8 24. a3 Ba6 25. Bxa6 Nxa6 26. Ne1 Nd7 27. Nd3 b5 28. f4 Nb6 29. b3 Nc7 30. Nb2 f5 31. a4 1/2-1/2

[Event "Zudov Memorial"]
[Site "Nizhnij Tagil"]
[Date "2006.06.21"]
[Round "2"]
[White "Dzhumadullayev, Kuanyshbek"]
[Black "Geller, Jakov"]
[Result "1/2-1/2"]
[WhiteElo "2288"]
[BlackElo "2495"]
[PlyCount "159"]
[EventDate "2006.06.20"]
[EventType "tourn"]
[EventRounds "11"]
[EventCountry "RUS"]
[EventCategory "9"]
[SourceTitle "EXT 2007"]
[Source "ChessBase"]
[SourceDate "2006.11.23"]
[SourceVersion "1"]
[SourceVersionDate "2006.11.23"]
[SourceQuality "1"]

1. e4 c5 2. Nf3 e6 3. b3 b6 4. Bb2 Bb7 5. Nc3 a6 6. d4 cxd4 7. Nxd4 Qc7 8. a3 Nf6 9. Bd3 Bc5 10. Nf3 Nc6 11. 0-0 Ng4 12. Ne2 0-0 13. h3 Nge5 14. Nxe5 Nxe5 15. Nd4 Nxd3 16. Qxd3 d5 17. exd5 Bxd5 18. c4 Bb7 19. Qc3 e5 20. Nf5 Rfe8 21. Qg3 f6 22. Rad1 Rad8 23. Kh1 Bc8 24. Ne3 Be6 25. Nd5 Qf7 26. b4 Bf8 27. Nxb6 Bxc4 28. Nxc4 Qxc4 29. Qc3 Qxc3 30. Bxc3 Kf7 31. f3 Ke6 32. Kg1 Rc8 33. Rd3 Rc4 34. Rfd1 Rec8 35. Be1 Rc2 36. R3d2 Rxd2 37. Rxd2 Rc1 38. Kf2 Ra1 39. Rd3 Ra2+ 40. Bd2 g6 41. Ke1 f5 42. Kd1 Bg7 43. g4 e4 44. fxe4 fxe4 45. Rb3 Bd4 46. h4 Kd6 47. h5 Kc6 48. hxg6 hxg6 49. Bc3 Kd5 50. Bxd4 Kxd4 51. b5 axb5 52. Rxb5 Rxa3 53. Rb6 g5 54. Rb5 Kd3 55. Rd5+ Ke3 56. Rxg5 Ra1+ 57. Kc2 Rg1 58. Rg8 Ke2 59. g5 e3 60. g6 Ke1 61. Re8 e2 62. Re6 Kf2 63. Rf6+ Ke1 64. Re6 Rg5 65. Rc6 Rg4 66. Kc1 Kf2 67. Rf6+ Ke1 68. Rc6 Rg2 69. Kc2 Rg3 70. Rf6 Rg1 71. Re6 Rg5 72. Rc6 Rg4 73. Kc1 Rg5 74. Kc2 Rg3 75. Rf6 Rg4 76. Rc6 Rf4 77. g7 Kf1 78. Re6 Ke1 79. Kc1 Kf2 80. Kc2 1/2-1/2